Word Ladder: Seeing is Believing Quiz Stats

 Plays Quiz Updated Feb 18, 2015

Challenge
Share
Tweet
Embed
Score 0/28 Timer 03:00
0 Plays Today
Clue 3 or 4-Letter Word % Correct
3-Letter Ladder▼ EYE ▼
99.3%
3-Letter LadderBYE
98.9%
3-Letter LadderBED
98%
3-Letter LadderBEE
97.8%
3-Letter LadderBUD
95%
3-Letter LadderION
92.7%
3-Letter LadderIAN
89.4%
4-Letter LadderTEAM
88.8%
3-Letter LadderFUN
87.6%
3-Letter LadderIOU
87.5%
4-Letter Ladder▼ IRIS ▼
86.2%
3-Letter LadderBUN
86.2%
4-Letter LadderTERM
85.1%
4-Letter LadderCANE
83.5%
Clue 3 or 4-Letter Word % Correct
3-Letter LadderFAN
82.3%
4-Letter LadderSAGA
77.6%
4-Letter LadderSAGE
76.2%
4-Letter LadderSEGA
76.1%
4-Letter LadderSERÁ
75.5%
4-Letter LadderCAGE
74.5%
4-Letter LadderTRAM
72.4%
4-Letter LadderTERA
72%
4-Letter LadderTRIM
71.3%
4-Letter LadderTRIS
65.6%
3-Letter LadderSOD
64.2%
4-Letter Ladder▼ CONE ▼
62.8%
3-Letter LadderSOU
62%
3-Letter Ladder▼ ROD ▼
55.3%

Today's Daily Dose

You're not logged in!

Compare scores with friends on all Sporcle quizzes.
Join for Free
OR
Log In

You Might Also Like...

Show Comments

Extras

Top Quizzes Today


Score Distribution

Your Account Isn't Verified!

In order to create a playlist on Sporcle, you need to verify the email address you used during registration. Go to your Sporcle Settings to finish the process.

Report this User

Report this user for behavior that violates our Community Guidelines.

Details: